| 000 | 00799nam a22001817a 4500 | ||
|---|---|---|---|
| 999 |
_c58950 _d58950 |
||
| 003 | Ge_BSU | ||
| 005 | 20221024105809.0 | ||
| 008 | 221024s1989 ge ||||| |||| 00| 0 geo d | ||
| 041 | _ageo | ||
| 080 | _a311(075.8) გ-12 | ||
| 100 |
_aგაბიძაშვილი, ბიკენტი _95072 |
||
| 245 |
_aსტატისტიკის მოკლე კურსი : _b[დამხმ. სახელმძღვ. უმაღლ. სასწ. სტუდ.] / _cბიკენტი გაბიძაშვილი. |
||
| 264 |
_aთბილისი : _bთბილ. უნ-ტის გამ-ბა, _c1989. |
||
| 300 |
_a253 გვ. ; _b22 სმ. |
||
| 504 | _aბიბლიოგრ.: გვ. 250-251 | ||
| 653 | _aსტატისტიკა | ||
| 942 |
_2udc _cBK |
||